Learning Resource and Development

Sales management system for Zuñiga's gravel and sand trading / (Record no. 26850)

MARC details
000 -LEADER
fixed length control field 02958nam a2200337 i 4500
003 - CONTROL NUMBER IDENTIFIER
control field CSPC
005 - DATE AND TIME OF LATEST TRANSACTION
control field 20240628133302.0
008 - FIXED-LENGTH DATA ELEMENTS--GENERAL INFORMATION
fixed length control field 240118s2022 ph a ba 000 0 eng d
040 ## - CATALOGING SOURCE
Transcribing agency CSPC
Original cataloging agency CSPC
Language of cataloging eng
090 ## - LOCALLY ASSIGNED LC-TYPE CALL NUMBER (OCLC); LOCAL CALL NUMBER (RLIN)
Classification number (OCLC) (R) ; Classification number, CALL (RLIN) (NR) UTH BSIT B117s 2022
100 1# - MAIN ENTRY--PERSONAL NAME
Personal name Babila, Neil C.,
Relator term author.
245 1# - TITLE STATEMENT
Title Sales management system for Zuñiga's gravel and sand trading /
Statement of responsibility, etc. Neil C. Babila, [and 4 others].
260 ## - PUBLICATION, DISTRIBUTION, ETC.
Place of publication, distribution, etc. Nabua, Camarines Sur
Name of publisher, distributor, etc. Camarines Sur Polytechnic Colleges,
Date of publication, distribution, etc. 2022
300 ## - PHYSICAL DESCRIPTION
Extent 215 leaves.
336 ## - CONTENT TYPE
Content type term text
Source rdacontent
337 ## - MEDIA TYPE
Media type term unmediated
Source rdamedia
338 ## - CARRIER TYPE
Carrier type term volume
Source rdacarrier
502 ## - DISSERTATION NOTE
Dissertation note Undergraduate Theses (BSIT) - Information Technology.
Name of granting institution Camarines Sur Polytechnic Colleges, 2022.
504 ## - BIBLIOGRAPHY, ETC. NOTE
Bibliography, etc. note Includes bibliographical references.
520 3# - SUMMARY, ETC.
Summary, etc. Manual document filing is not an easy task and contributes to man-made errors in an effective document management. That is why even small businesses are now implementing automation in day-to-day business operation. The sales management system developed for Zuñiga's gravel and sand trading aims to automate the manual operations in the record section, transaction area, computation of sales and inventory to speed up the process and to improve productivity. Extreme programming is used as software development methodology in this study. Total enumeration and convenience sampling was used to identify the respondents of the study. Mixed-method research design is applied in gathering both quantitative and qualitative data. As for system evaluation, functional, user acceptance and performance testing through black-box approach was conducted. Functional testing was conducted by letting five (5) IT experts test the system using test cases. Meanwhile, JMeter is used to test the system performance. The data gathered were analyzed and interpreted using arithmetic mean. The results of data gathering shows that the existing problems in manual business process are difficulty to manage, time-consuming, high-cost paper maintenance, inaccurate and miscalculation, and unsellable products. In terms of the results of functional testing and user acceptance testing, the system was completely functional with an average result of 1.0. As for performance, the system can perform even heavy workloads. Due to the problems encountered by the business, the researchers concluded and recommended that the development of sales management system be adopted and reduce possibility of encountering problems.
700 1# - ADDED ENTRY--PERSONAL NAME
Personal name Llagas, Paolo O.,
Relator term author
700 1# - ADDED ENTRY--PERSONAL NAME
Personal name Occiano, Vina Mae B.,
Relator term author
700 1# - ADDED ENTRY--PERSONAL NAME
Personal name Salcedo, Jeorgie P.,
Relator term author
700 1# - ADDED ENTRY--PERSONAL NAME
Personal name Zuñiga, Shiela May P.,
Relator term author
720 1# - ADDED ENTRY--UNCONTROLLED NAME
Name Ramizares, Maricris L.,
Relator term adviser
720 1# - ADDED ENTRY--UNCONTROLLED NAME
Name Manlapaz, Shiela Dona S.,
Relator term panelist, chair
720 1# - ADDED ENTRY--UNCONTROLLED NAME
Name Velasco, Kezia Abegail T.,
Relator term panelist
720 1# - ADDED ENTRY--UNCONTROLLED NAME
Name Colle, Jonuel Rey N.,
Relator term panelist
942 ## - ADDED ENTRY ELEMENTS (KOHA)
Source of classification or shelving scheme Dewey Decimal Classification
Koha item type Unpublished Materials
Suppress in OPAC No
Classification part B117s
Item part BSIT
Call number prefix UTH
Call number suffix 2022
Holdings
Withdrawn status Lost status Source of classification or shelving scheme Damaged status Not for loan Home library Current library Shelving location Date acquired Total Checkouts Full call number Barcode Date last seen Price effective from Koha item type
    Dewey Decimal Classification     Main Library Main Library Undergraduate Thesis Section 01/18/2024   UTH BSIT B117s 2022 006041UM 01/18/2024 01/18/2024 Unpublished Materials